000 00394nam a2200169Ia 4500
001 17042
003 IN-NITTTR
005 20251114233201.0
008 251113s9999||||xx |||||||||||||| ||eng||
040 _beng
040 _cIN-NITTTR
041 _aeng
082 _a005.74 I7E
100 _aInmon, William H.
245 0 _aEffective data base design. /
_cInmon, William H.
942 _2ddc
_cBK
999 _c19676
_d19676